<?xml version="1.0" encoding="UTF-8"?>
<record
    xmlns:xsi="http://www.w3.org/2001/XMLSchema-instance"
    xsi:schemaLocation="http://www.loc.gov/MARC21/slim http://www.loc.gov/standards/marcxml/schema/MARC21slim.xsd"
    xmlns="http://www.loc.gov/MARC21/slim">

  <leader>01543    a2200277   4500</leader>
  <controlfield tag="003">Nust</controlfield>
  <controlfield tag="005">20230830112347.0</controlfield>
  <datafield tag="010" ind1=" " ind2=" ">
    <subfield code="a">  2005273768</subfield>
  </datafield>
  <datafield tag="020" ind1=" " ind2=" ">
    <subfield code="c">0471208167</subfield>
  </datafield>
  <datafield tag="040" ind1=" " ind2=" ">
    <subfield code="c">Nust</subfield>
  </datafield>
  <datafield tag="082" ind1=" " ind2=" ">
    <subfield code="a">621.3815,BUU</subfield>
  </datafield>
  <datafield tag="100" ind1="1" ind2=" ">
    <subfield code="a">Buus, Jens.</subfield>
    <subfield code="9">97233</subfield>
  </datafield>
  <datafield tag="245" ind1="1" ind2="0">
    <subfield code="a">Tunable laser diodes and related optical sources /</subfield>
    <subfield code="c">Jens Buus, Markus-Christian Amann, Daniel J. Blumenthal.</subfield>
  </datafield>
  <datafield tag="250" ind1=" " ind2=" ">
    <subfield code="a">2nd ed.</subfield>
  </datafield>
  <datafield tag="260" ind1=" " ind2=" ">
    <subfield code="a">Hoboken, N.J. :</subfield>
    <subfield code="b">John Wiley &amp; Sons,</subfield>
    <subfield code="c">c2005.</subfield>
  </datafield>
  <datafield tag="300" ind1=" " ind2=" ">
    <subfield code="a">xiv, 390 p. :</subfield>
    <subfield code="b">ill. ;</subfield>
    <subfield code="c">25 cm.</subfield>
  </datafield>
  <datafield tag="505" ind1=" " ind2=" ">
    <subfield code="a">Introduction (Page-1), Fundamental laser diode characteristics (Page-7), Single-mode laser diodes	(Page-43), Basic concepts of tunable laser diodes (Page-79),Wavelength-tunable single-mode laser diodes	(Page-107), Linewidth broadening (Page-151), Widely tunable monolithic laser diodes (Page-169),Practical issues related to monolithic tunable laser diodes (Page-221), Related DWDM sources (Page-247), Communications applications and requirements (Page-285), Other applications (Page-325).</subfield>
  </datafield>
  <datafield tag="650" ind1=" " ind2="0">
    <subfield code="a">Telecommunication Engineering.</subfield>
  </datafield>
  <datafield tag="700" ind1="1" ind2=" ">
    <subfield code="a">Amann, Markus-Christian.</subfield>
    <subfield code="9">97234</subfield>
  </datafield>
  <datafield tag="700" ind1="1" ind2=" ">
    <subfield code="a">Amann, Markus-Christian.</subfield>
    <subfield code="9">97234</subfield>
  </datafield>
  <datafield tag="700" ind1="1" ind2=" ">
    <subfield code="a">Blumenthal, Daniel J.</subfield>
    <subfield code="9">97235</subfield>
  </datafield>
  <datafield tag="856" ind1="4" ind2="2">
    <subfield code="3">Contributor biographical information</subfield>
    <subfield code="u">http://www.loc.gov/catdir/enhancements/fy0626/2005273768-b.html</subfield>
  </datafield>
  <datafield tag="856" ind1="4" ind2="2">
    <subfield code="3">Publisher description</subfield>
    <subfield code="u">http://www.loc.gov/catdir/enhancements/fy0626/2005273768-d.html</subfield>
  </datafield>
  <datafield tag="856" ind1="4" ind2="2">
    <subfield code="3">Table of contents only</subfield>
    <subfield code="u">http://www.loc.gov/catdir/enhancements/fy0626/2005273768-t.html</subfield>
  </datafield>
  <datafield tag="942" ind1=" " ind2=" ">
    <subfield code="c">REF</subfield>
    <subfield code="2">ddc</subfield>
  </datafield>
  <datafield tag="999" ind1=" " ind2=" ">
    <subfield code="c">178582</subfield>
    <subfield code="d">178582</subfield>
  </datafield>
  <datafield tag="952" ind1=" " ind2=" ">
    <subfield code="0">0</subfield>
    <subfield code="1">0</subfield>
    <subfield code="2">ddc</subfield>
    <subfield code="4">0</subfield>
    <subfield code="7">0</subfield>
    <subfield code="a">MCS</subfield>
    <subfield code="b">MCS</subfield>
    <subfield code="c">REF</subfield>
    <subfield code="d">2016-12-12</subfield>
    <subfield code="o">621.3815,BUU</subfield>
    <subfield code="p">MCS31511</subfield>
    <subfield code="r">2016-12-08</subfield>
    <subfield code="w">2016-12-12</subfield>
    <subfield code="y">REF</subfield>
    <subfield code="z">Almirah No.21, Shelf No.4</subfield>
  </datafield>
</record>
